LEADER 00923nam0-2200265 --450 001 9910911100503321 005 20241204090205.0 010 $a978-88-243-2883-8 100 $a20241204d2024----kmuy0itay5050 ba 101 0 $aita 102 $aIT 105 $a 001yy 200 1 $aIntroduzione e note di sintesi al Regolamento (UE) 2024/1689 sull'intelligenza artificiale$etesto ufficiale e integrale$fa cura di Enrico Maestri 210 $aNapoli$cJovene$d2024 215 $aVIII, 381 p.$d24 cm 225 1 $aDipartimento di giurisprudenza dell'Università degli studi di Ferrara, sede di Rovigo$v6 676 $a343.240999$v23$zita 702 1$aMaestri,$bEnrico$f<1962- > 801 0$aIT$bUNINA$gREICAT$2UNIMARC 901 $aBK 912 $a9910911100503321 952 $aVIII O 424$b2024/1696$fFGBC 959 $aFGBC 996 $aIntroduzione e note di sintesi al Regolamento (UE) 2024$94296201 997 $aUNINA LEADER 03362nam 2200673Ia 450 001 9910966704203321 005 20251116191104.0 010 $a1-135-77750-0 010 $a1-135-77751-9 010 $a1-280-14326-6 010 $a0-203-98811-6 024 7 $a10.4324/9780203988114 035 $a(CKB)1000000000351367 035 $a(EBL)235170 035 $a(OCoLC)226376623 035 $a(SSID)ssj0000147928 035 $a(PQKBManifestationID)11150548 035 $a(PQKBTitleCode)TC0000147928 035 $a(PQKBWorkID)10017091 035 $a(PQKB)10420738 035 $a(MiAaPQ)EBC235170 035 $a(Au-PeEL)EBL235170 035 $a(CaPaEBR)ebr10094150 035 $a(CaONFJC)MIL14326 035 $a(OCoLC)936904056 035 $a(EXLCZ)991000000000351367 100 $a19961025d1997 uy 0 101 0 $aeng 135 $aurcn||||||||| 181 $ctxt 182 $cc 183 $acr 200 00$aEnterprise clusters and networks in developing countries /$fedited by Meine Pieter van Dijk and Roberta Rabellotti 205 $a1st ed. 210 $aLondon ;$aPortland, Or. $cFrank Cass$d1997 215 $a1 online resource (220 p.) 225 1 $aEADI-book series ;$v20 300 $a"In association with the European Association of Development Research and Training Institutes (EADI), Geneva." 311 08$a1-138-41694-0 311 08$a0-7146-4333-5 320 $aIncludes bibliographical references. 327 $aPreliminaries; Contents; Notes on Contributors; 1. Clusters and Networks as Sources of Co-operation and Technology Diffusion for Small Enterprises in Developing Countries; 2. Clusters of Enterprises Within Systems of Production and Distribution; 3. Footwear Industrial Districts in Italy and Mexico; 4. The Significance of Spatial Clustering; 5. Opportunities for Women in Ougadougou's Informal Sector; 6. Industrial District or Garment Ghetto?; 7. Small Enterprise Associations and Networks; 8. Trust Building in Tanzania's Informal Credit Transactions 327 $a9. Enterprise Networks and Technological Change 10. From SMEs to Industrial Districts in the Process of Internationalisation 330 $aEnterprise Clusters and Networks in Developing Countries analyses the functions and advantages of clusters and networks for small enterprises in developing countries.In the opening chapter the editors describe different types of clusters and networks and compare the diverse forms of external economies and co-operation effects derived from them. Taking a multidiscplinary approach, they point out it is trust that is the social basis for positive effects of clustering and networking, which are often sources of co-operation and technology diffusion for small enterprises in developing countries 410 0$aEADI-book series ;$v20. 606 $aBusiness networks$zDeveloping countries$vCase studies 606 $aSocial networks$zDeveloping countries$vCase studies 615 0$aBusiness networks 615 0$aSocial networks 676 $a338.8/09172/4 701 $aDijk$b Meine Pieter van$0119528 701 $aRabellotti$b Roberta$0122077 801 0$bMiAaPQ 801 1$bMiAaPQ 801 2$bMiAaPQ 906 $aBOOK 912 $a9910966704203321 996 $aEnterprise clusters and networks in developing countries$94493292 997 $aUNINA